Province italiane con la stessa iniziale della loro regione - Statistics

Statistiche generali
  • Questo quiz è stato fatto 138 volte
    49 dall'ultimo reset
  • Il punteggio medio è 23 su 26
Statistiche sulle risposte
Provincia Regione % Corretto
Catanzaro Calabria
97%
Crotone Calabria
97%
Lecco Lombardia
97%
Sassari Sardegna
97%
Caserta Campania
95%
Trento Trentino-Alto Adige
95%
Venezia Veneto
95%
Cosenza Calabria
92%
Latina Lazio
92%
Lodi Lombardia
92%
Macerata Marche
92%
Siracusa Sicilia
89%
Verona Veneto
89%
Vicenza Veneto
89%
Sud Sardegna Sardegna
86%
Calabria
81%
Campania
81%
Lazio
81%
Lombardia
81%
Sardegna
81%
Veneto
81%
La Spezia Liguria
78%
Marche
78%
Trentino-Alto Adige
78%
Sicilia
76%
Liguria
73%
Nessun quiz corrispondente trovato
Distribuzione punteggi
Percentuale di utenti per punteggio
Percentile per numero di risposta
I tuoi punteggi nel tempo
Non hai fatto questo quiz dall'ultimo reset